Normal view
MARC view
Entry Topical Term
001 - CONTROL NUMBER
- control field: 39679
003 - CONTROL NUMBER IDENTIFIER
- control field: ARRUPE
005 - DATE AND TIME OF LATEST TRANSACTION
- control field: 20180228105451.0
008 - FIXED-LENGTH DATA ELEMENTS
- fixed length control field: 180228|| aca||aabn | a|a d
040 ## - CATALOGING SOURCE
- Original cataloging agency: ARRUPE
- Transcribing agency: ARRUPE
150 ## - HEADING--TOPICAL TERM
- Topical term or geographic name as entry element: South Africa
- General subdivision: History
- General subdivision: Great trek
670 ## - SOURCE DATA FOUND
- Source citation: Work cat.: (ARRUPE)1651: Ransford, Oliver 39678, The great trek /, 1974